000 00869nam a22001937a 4500
003 OSt
005 20250927144538.0
008 240315b ||||| |||| 00| 0 eng d
040 _c0
082 _aDPer 613.705 J826 January-December 2020 v. 91 n. 1-9
100 _aMorawiec, Marcin.
_eauthor.
_954824
245 _aControl strategy of a five-phase induction machine supplied by the current source inverter with the third harmonic injection /
_cMarcin Morawiec and Filip Wilczynski.
260 _aNew York ;
_bThe Institute of Electrical and Electronics Engineers, Inc. ,
_cAugust 2022.
300 _aVolume 37, pages 9539-9550 :
_billustration ;
_c28 cm.
500 _aIEEE Transitions on Power Electronics, v. 37 n. 8, pages 9539-9550, August 2022.
700 _aMorawiec, Marcin.
_eauthor.
_954824
700 _aWilczynski, Filip.
_eauthor.
_954825
942 _2ddc
_cPER
999 _c19715
_d19715